Tips for success / (Record no. 36279)

MARC details
000 -LEADER
fixed length control field 00678nam a22001937a 4500
005 - DATE AND TIME OF LATEST TRANSACTION
control field 20100521151443.0
010 ## - LCCN (DPL NO)
LC control number ENG-96128
020 ## - INTERNATIONAL STANDARD BOOK NUMBER
International Standard Book Number 9788128823565
Terms of availability 95.00
035 ## - SYSTEM CONTROL NUMBER
System control number EN-79661
037 ## - SOURCE OF ACQUISITION
Source of stock number/acquisition DBAD/PUB
082 ## - DEWEY DECIMAL CLASSIFICATION NUMBER
Classification number 158.1
100 ## - MAIN ENTRY--PERSONAL NAME
Personal name Jogi, Sunil
245 ## - TITLE STATEMENT
Title Tips for success /
Statement of responsibility, etc by Sunil Jogi
260 ## - PUBLICATION, DISTRIBUTION, ETC. (IMPRINT)
Place of publication, distribution, etc New Delhi
Name of publisher, distributor, etc Diamond Pocket Books
Date of publication, distribution, etc 2009
270 ## - ADDRESS
Address x-30, Okhla Industrial Area, Phase-II
City New Delhi
Postal code 110020
300 ## - PHYSICAL DESCRIPTION
Extent 223p,
Dimensions 22 cm (pbk)
942 ## - ADDED ENTRY ELEMENTS (KOHA)
Source of classification or shelving scheme Dewey Decimal Classification
Item type English Books
Call number suffix JOG
Classification part 158.1
Holdings
Withdrawn status Lost status Materials specified (bound volume or other part) Not for loan Collection code Home library Current library Date acquired Source of acquisition Cost, normal purchase price Full call number Barcode Copy number Cost, replacement price Koha item type
    Pbk Not For Loan Non-fiction D.B.Act.Division D.B.Act.Division 13/04/2010 DBAD/PUB 95.00 JOG EN-79661 1 95.00 English Books

© Delhi Public Library
Hit Counter
free hit counter